Hospital based study of the effectiveness of lifestyle intervention in reduction of coronary heart disease risk factors (Record no. 881309)

MARC details
000 -LEADER
fixed length control field 00895nam a2200253Ia 4500
003 - CONTROL NUMBER IDENTIFIER
control field OSt
005 - DATE AND TIME OF LATEST TRANSACTION
control field 20220930090903.0
008 - FIXED-LENGTH DATA ELEMENTS--GENERAL INFORMATION
fixed length control field 220926b |||||||| |||| 00| 0 eng d
037 ## - SOURCE OF ACQUISITION
Terms of availability Theses
040 ## - CATALOGING SOURCE
Original cataloging agency CRL
Transcribing agency CRL
Language of cataloging eng
041 ## - LANGUAGE CODE
Source of code eng
Language code of text/sound track or separate title eng
100 ## - MAIN ENTRY--PERSONAL NAME
Personal name Dehghani Ali
9 (RLIN) 543972
110 ## - MAIN ENTRY--CORPORATE NAME
Corporate name or jurisdiction name as entry element University of Delhi. Faculty of Medical Sciences. Department of Community of Medicine
9 (RLIN) 543973
245 #0 - TITLE STATEMENT
Title Hospital based study of the effectiveness of lifestyle intervention in reduction of coronary heart disease risk factors
260 ## - PUBLICATION, DISTRIBUTION, ETC.
Date of publication, distribution, etc. 2012
650 ## - SUBJECT ADDED ENTRY--TOPICAL TERM
Topical term or geographic name entry element COMMUNITY HEALTH SERVICES
700 ## - ADDED ENTRY--PERSONAL NAME
Personal name Dwivedi Shridhar Gu.
9 (RLIN) 543974
700 ## - ADDED ENTRY--PERSONAL NAME
Personal name University of Delhi. Faculty of Medical Sciences. Department of Community of Medicine
9 (RLIN) 543975
942 ## - ADDED ENTRY ELEMENTS (KOHA)
Koha item type Dissertations
Source of classification or shelving scheme Colon Classification (CC)
Holdings
Withdrawn status Lost status Damaged status Not for loan Home library Current library Date acquired Total Checkouts Barcode Date last seen Price effective from Koha item type
        Central Library Central Library 2022-09-30   TH0018913 2022-09-30 2022-09-30 Thesis
Copyright @ Delhi University Library System